| 000 | 00358nam a22001337a 4500 | ||
|---|---|---|---|
| 082 |
_a624.14 _bMil |
||
| 100 |
_aHanna, T. H. _942553 |
||
| 245 |
_aMilitary engineering experimental establishment christ church _cT. H. Hanna |
||
| 260 | _c1970 | ||
| 300 | _avii, 62.p: | ||
| 526 |
_a0 _b0 _c0 _d624_140000000000000_MIL |
||
| 650 |
_aMCE _9379 |
||
| 942 |
_2ddc _cBK |
||
| 999 |
_c546434 _d546434 |
||